| 000 | 00434nam a2200181Ia 4500 | ||
|---|---|---|---|
| 001 | 17678 | ||
| 005 | 20260306171535.0 | ||
| 008 | 260306s9999||||xx |||||||||||||| ||und|| | ||
| 041 | _aESP | ||
| 082 |
_a658.15 _bC248 |
||
| 100 |
_aChu Rubio, Manuel _eAUT |
||
| 245 | 0 | _aLa creación de valor en las finanzas | |
| 260 | _c2011 | ||
| 300 |
_a377 páginas : _c24 cm. |
||
| 650 | _aGEN | ||
| 654 | _aCAN | ||
| 942 |
_cLIB _dJUS _fJUS _2ddc _n |
||
| 999 |
_c17678 _d17678 |
||